Kontrastive Analyse der Phraseologismen und Metaphern: slowakisch - deutsch
Stručný prehľad politického systému, ekonomiky a kultúry Slovenskej republiky. Frazeológie a metafory skúmané v slovenských novinách SME pomocou tematických slovných polí ako neoddeliteľná súčasť jazyka tlače.
Salvato in:
| Autore principale: | |
|---|---|
| Natura: | Capitolo di libro |
| Lingua: | tedesco slovacco |
| Soggetti: | |
| Tags: |
Nessun Tag, puoi essere il primo ad aggiungerne!!
|
MARC
| LEADER | 00000naa$a2200000$$$4500 | ||
|---|---|---|---|
| 001 | 0236097 | ||
| 005 | 20240502083629.4 | ||
| 041 | 0 | |a ger | |
| 041 | 0 | |a slo | |
| 044 | |a DE | ||
| 245 | 1 | 0 | |a Kontrastive Analyse der Phraseologismen und Metaphern: slowakisch - deutsch |c Radoslav Štefančík |
| 520 | |a Stručný prehľad politického systému, ekonomiky a kultúry Slovenskej republiky. Frazeológie a metafory skúmané v slovenských novinách SME pomocou tematických slovných polí ako neoddeliteľná súčasť jazyka tlače. | ||
| 610 | 2 | 0 | |a jazykoveda |
| 610 | 2 | 0 | |a slovenčina |
| 610 | 2 | 0 | |a nemčina |
| 610 | 2 | 0 | |a analýza komparatívna |
| 610 | 2 | 0 | |a frazeológia |
| 610 | 2 | 0 | |a noviny |
| 100 | 1 | |a Štefančík, Radoslav, 1976- | |